[Event "Oberliga Ost-A 1516"]
[Site "Germany"]
[Date "2016.02.21"]
[Round "8.7"]
[White "Schiefner, Ray"]
[Black "Selle, Thomas"]
[Result "1/2-1/2"]
[WhiteElo "2045"]
[BlackElo "2067"]
[PlyCount "51"]
[EventDate "2015.09.20"]
[EventType "team-tourn"]
[EventRounds "11"]
[EventCountry "GER"]
[SourceTitle "EXT 2017"]
[Source "ChessBase"]
[SourceDate "2016.10.25"]
[SourceVersion "1"]
[SourceVersionDate "2016.10.25"]
[SourceQuality "1"]
[WhiteTeam "Bannewitz"]
[BlackTeam "Dessau"]
[WhiteTeamCountry "GER"]
[BlackTeamCountry "GER"]

1. e4 c5 2. c4 d6 3. Nc3 Nc6 4. d3 g6 5. g3 Bg7 6. Bg2 Nf6 7. Nge2 Bg4 8. f3 Bd7 9. Be3 h5 10. h4 a6 11. Qd2 Ne5 12. Rb1 Bc6 13. 0-0 a5 14. a4 Bd7 15. b3 Nc6 16. d4 cxd4 17. Nxd4 Nxd4 18. Bxd4 0-0 19. Qe3 Ra6 20. Nb5 Kh7 21. Rfd1 Bh6 22. Qc3 Ne8 23. f4 Qc8 24. Kh2 Bc6 25. Na7 Qc7 26. Nxc6 1/2-1/2

[Event "Liberec op"]
[Site "Liberec"]
[Date "2007.11.16"]
[Round "8"]
[White "Pichl, Michael"]
[Black "Schiefner, Ray"]
[Result "1/2-1/2"]
[WhiteElo "2082"]
[BlackElo "2039"]
[PlyCount "62"]
[EventDate "2007.11.10"]
[EventType "swiss"]
[EventRounds "9"]
[EventCountry "CZE"]
[SourceTitle "CBM 121 Extra"]
[Source "ChessBase"]
[SourceDate "2008.01.10"]
[SourceVersion "1"]
[SourceVersionDate "2008.01.10"]
[SourceQuality "1"]

1. Nf3 f5 2. g3 Nf6 3. Bg2 e6 4. 0-0 d5 5. d3 Be7 6. Nbd2 0-0 7. c3 Bd7 8. Qc2 c6 9. e4 fxe4 10. dxe4 Be8 11. Bh3 Nxe4 12. Nxe4 Rxf3 13. Bxe6+ Bf7 14. Bxf7+ Rxf7 15. Nd2 Nd7 16. f4 Nf6 17. Nf3 Ne4 18. Be3 Bf6 19. Rad1 Re7 20. Rfe1 Qe8 21. Bd4 Bxd4+ 22. Rxd4 Ng5 23. Rxe7 Nxf3+ 24. Kf2 Qxe7 25. Kxf3 Re8 26. Qd2 h5 27. c4 dxc4 28. Rxc4 Qe6 29. b3 Qg4+ 30. Kf2 h4 31. Rc3 Qh3 1/2-1/2

[Event "EU-ch 8th"]
[Site "Dresden"]
[Date "2007.04.03"]
[Round "1"]
[White "Meier, Georg"]
[Black "Schiefner, Ray"]
[Result "1-0"]
[WhiteElo "2506"]
[BlackElo "2047"]
[PlyCount "71"]
[EventDate "2007.04.03"]
[EventType "swiss"]
[EventRounds "11"]
[EventCountry "GER"]
[SourceTitle "CBM 118"]
[Source "ChessBase"]
[SourceDate "2007.05.31"]
[SourceVersion "1"]
[SourceVersionDate "2007.05.31"]
[SourceQuality "1"]

1. d4 d5 2. c4 e6 3. Nc3 f5 4. Bf4 c6 5. e3 Nf6 6. Nf3 Bb4 7. Qb3 Qa5 8. a3 Bxc3+ 9. bxc3 Ne4 10. Qb4 Qxb4 11. cxb4 Nd7 12. h4 Ndf6 13. Ne5 Nh5 14. Bh2 0-0 15. Be2 Nhf6 16. f3 Nc3 17. Bd3 dxc4 18. Nxc4 Nfd5 19. Kd2 Na4 20. Rac1 Nab6 21. Na5 a6 22. Rhe1 f4 23. e4 Ne7 24. Bg1 Nd7 25. Nc4 Rd8 26. Ke2 Nf6 27. Nb6 Rb8 28. Bc4 Kf7 29. Kf1 Bd7 30. Bb3 Ng6 31. Bf2 Nh5 32. d5 exd5 33. exd5 c5 34. bxc5 Bb5+ 35. Kg1 Re8 36. c6 1-0

[Event "Dresden ZMD op"]
[Site "Dresden"]
[Date "2004.07.22"]
[Round "8"]
[White "Schiefner, Ray"]
[Black "Schellmann, Frank"]
[Result "1/2-1/2"]
[WhiteElo "1940"]
[BlackElo "2105"]
[PlyCount "72"]
[EventDate "2004.07.15"]
[EventType "tourn"]
[EventRounds "9"]
[EventCountry "GER"]
[SourceTitle "EXT 2006"]
[Source "ChessBase"]
[SourceDate "2005.11.24"]
[SourceVersion "1"]
[SourceVersionDate "2005.11.24"]
[SourceQuality "1"]

1. e4 e5 2. Nf3 Nf6 3. Nxe5 d6 4. Nf3 Nxe4 5. Qe2 Qe7 6. d3 Nf6 7. Bg5 Qxe2+ 8. Bxe2 Be7 9. Nc3 c6 10. 0-0-0 Na6 11. h3 Nc7 12. Rhe1 Ne6 13. Be3 0-0 14. g4 d5 15. d4 Bb4 16. a3 Bd6 17. Ne5 Nd7 18. f4 f6 19. Nd3 Nb6 20. f5 Nc4 21. Bf2 Nf4 22. Bf1 Nxd3+ 23. Bxd3 Bf4+ 24. Kb1 Nd2+ 25. Ka2 Nf3 26. Re2 Bd7 27. Re7 Rad8 28. Be2 Bd6 29. Re3 Ng5 30. h4 Nf7 31. Rg1 h6 32. Rh3 Rfe8 33. Kb1 Re7 34. Kc1 Rde8 35. Kd2 h5 36. Be3 hxg4 1/2-1/2

[Event "Dresden ZMD op"]
[Site "Dresden"]
[Date "2004.07.17"]
[Round "3"]
[White "Lobzhanidze, Davit"]
[Black "Schiefner, Ray"]
[Result "1-0"]
[WhiteElo "2472"]
[BlackElo "1940"]
[PlyCount "67"]
[EventDate "2004.07.15"]
[EventType "tourn"]
[EventRounds "9"]
[EventCountry "GER"]
[SourceTitle "EXT 2006"]
[Source "ChessBase"]
[SourceDate "2005.11.24"]
[SourceVersion "1"]
[SourceVersionDate "2005.11.24"]
[SourceQuality "1"]

1. e4 e6 2. d3 c5 3. Nf3 Nc6 4. c3 g6 5. d4 cxd4 6. cxd4 d5 7. e5 Bb4+ 8. Nc3 Nge7 9. a3 Bxc3+ 10. bxc3 Qc7 11. Be2 Bd7 12. h4 Na5 13. Bd2 Nc4 14. 0-0 Nxd2 15. Qxd2 Rc8 16. Rfc1 Qa5 17. Qb2 b5 18. Nd2 a6 19. Nb3 Qb6 20. Nc5 Rb8 21. a4 Nc8 22. Rcb1 Bc6 23. axb5 Bxb5 24. Qc2 Qc7 25. Bxb5+ Rxb5 26. Nxa6 Rxb1+ 27. Rxb1 Qa5 28. Nc5 0-0 29. Nd7 Rd8 30. Rb7 h5 31. Qc1 Qa4 32. Nf6+ Kg7 33. Nxh5+ Kh7 34. Rxf7+ 1-0

[Event "Dresden ZMD op"]
[Site "Dresden"]
[Date "2004.07.15"]
[Round "1"]
[White "Graf, Alexander"]
[Black "Schiefner, Ray"]
[Result "1-0"]
[WhiteElo "2661"]
[BlackElo "1940"]
[PlyCount "75"]
[EventDate "2004.07.15"]
[EventType "tourn"]
[EventRounds "9"]
[EventCountry "GER"]
[SourceTitle "EXT 2006"]
[Source "ChessBase"]
[SourceDate "2005.11.24"]
[SourceVersion "1"]
[SourceVersionDate "2005.11.24"]
[SourceQuality "1"]

1. d4 Nf6 2. c4 g6 3. Nc3 Bg7 4. e4 d6 5. f3 0-0 6. Nge2 e5 7. Bg5 Nc6 8. d5 Ne7 9. g4 c6 10. Ng3 cxd5 11. cxd5 Qb6 12. Qd2 Bd7 13. h4 Rac8 14. h5 Rc7 15. Be3 Qa5 16. a3 b5 17. h6 Bh8 18. Nxb5 Qxd2+ 19. Bxd2 Bxb5 20. Bxb5 Rb8 21. a4 a6 22. Bxa6 Rxb2 23. Ke2 Rcc2 24. Rhd1 Nd7 25. Bd3 Rc8 26. Rdb1 Rcb8 27. Rxb2 Rxb2 28. Rb1 Rxb1 29. Bxb1 Nc8 30. Bd3 Nc5 31. Bb5 Bf6 32. Nf1 Bd8 33. Be3 Bb6 34. Nd2 Kf8 35. Bg5 Na7 36. Nc4 Bc7 37. Be3 Ke7 38. Nxe5 1-0

[Event "Leutersdorf Muench Braeu op 08th"]
[Site "Leutersdorf"]
[Date "2003.02.15"]
[Round "8"]
[White "Nagel, Gerhard"]
[Black "Schiefner, Ray"]
[Result "0-1"]
[WhiteElo "1880"]
[BlackElo "1683"]
[PlyCount "88"]
[EventDate "2003.02.12"]
[EventType "swiss"]
[EventRounds "9"]
[EventCountry "GER"]
[SourceTitle "CBM 092 Extra"]
[Source "ChessBase"]
[SourceDate "2003.03.07"]
[SourceVersion "1"]
[SourceVersionDate "2003.03.07"]
[SourceQuality "1"]

1. e4 e6 2. d4 d5 3. exd5 exd5 4. Nf3 Bd6 5. Bd3 Ne7 6. h3 Nbc6 7. 0-0 h6 8. a3 Be6 9. Re1 Qd7 10. c3 0-0-0 11. b4 g5 12. b5 Na5 13. Ne5 Bxe5 14. Rxe5 g4 15. hxg4 Bxg4 16. f3 Be6 17. Nd2 Rdg8 18. Qe1 Ng6 19. Bxg6 Rxg6 20. Nf1 Nc4 21. Rh5 Qxb5 22. Ra2 Qb1 23. Re2 Qd3 24. Kh1 Rf6 25. Nh2 Qg6 26. Rxd5 Nd6 27. Rde5 Nc4 28. R5e4 Nd6 29. Rh4 h5 30. Nf1 Rg8 31. Rh2 Nf5 32. d5 Bd7 33. Qf2 Bb5 34. Kg1 Bxe2 35. Qxe2 Ng3 36. Nxg3 Qxg3 37. Rxh5 Qxf3 38. Re5 Qxe2 39. Rxe2 Kd7 40. a4 Re8 41. Rc2 Re1+ 42. Kh2 Rff1 43. Bg5 Re5 44. Bc1 Rxd5 0-1

[Event "Leutersdorf Muench Braeu op 08th"]
[Site "Leutersdorf"]
[Date "2003.02.14"]
[Round "6"]
[White "Prasse, Uwe"]
[Black "Schiefner, Ray"]
[Result "1/2-1/2"]
[WhiteElo "2072"]
[BlackElo "1683"]
[PlyCount "29"]
[EventDate "2003.02.12"]
[EventType "swiss"]
[EventRounds "9"]
[EventCountry "GER"]
[SourceTitle "CBM 092 Extra"]
[Source "ChessBase"]
[SourceDate "2003.03.07"]
[SourceVersion "1"]
[SourceVersionDate "2003.03.07"]
[SourceQuality "1"]

1. d4 f5 2. g3 Nf6 3. Bg2 g6 4. Nh3 Bg7 5. c4 0-0 6. 0-0 d6 7. d5 c6 8. Nc3 e5 9. dxe6 Bxe6 10. Qd3 Na6 11. b3 Nc5 12. Qc2 Qc7 13. Bb2 Rad8 14. Nf4 Bf7 15. Rad1 1/2-1/2

[Event "Leutersdorf Muench Braeu op 08th"]
[Site "Leutersdorf"]
[Date "2003.02.13"]
[Round "3"]
[White "Weiss, Katharina"]
[Black "Schiefner, Ray"]
[Result "1/2-1/2"]
[WhiteElo "1412"]
[BlackElo "1683"]
[PlyCount "33"]
[EventDate "2003.02.12"]
[EventType "swiss"]
[EventRounds "9"]
[EventCountry "GER"]
[SourceTitle "CBM 092 Extra"]
[Source "ChessBase"]
[SourceDate "2003.03.07"]
[SourceVersion "1"]
[SourceVersionDate "2003.03.07"]
[SourceQuality "1"]

1. e4 e5 2. Nf3 Nc6 3. Nc3 Nf6 4. d4 exd4 5. Nxd4 Bb4 6. Nxc6 Bxc3+ 7. bxc3 bxc6 8. Bd3 d6 9. 0-0 h6 10. Qe2 0-0 11. e5 dxe5 12. Qxe5 Re8 13. Qg3 Ne4 14. Qf3 f5 15. Re1 Nxc3 16. Bb2 Nd5 17. Rxe8+ 1/2-1/2